Smallville Episode Title Names - Statistics

General Stats
  • This quiz has been taken 87 times
  • The average score is 48 of 217
Answer Stats
Season 1 Answer % Correct
1 Pilot
88%
4 Red
65%
4 X-Ray
53%
2 Heat
49%
14 Krypto
47%
10 Luthor
47%
21 Finale: Part 1
43%
22 Finale: Part 2
43%
3 Hothead
43%
2 Kara
43%
2 Metamorphosis
43%
4 Aqua
41%
5 Cool
41%
17 Kent
41%
1 Zod
41%
4 Arrow
37%
2 Sneeze
37%
1 Exile
35%
6 Lara
35%
21 Tempest
35%
7 Craving
33%
1 Crusade
33%
22 Doomsday
33%
9 Lexmas
33%
6 Redux
33%
5 Run
33%
1 Bizarro
31%
8 Blue
31%
15 Cyborg
31%
6 Hourglass
31%
11 Justice
31%
13 Kinetic
31%
15 Nicodemus
31%
5 Perry
31%
12 Reckoning
31%
8 Ryan
31%
8 Spell
31%
18 Truth
31%
1 Vortex
31%
22 Commencement
29%
4 Devoted
29%
23 Exodus
29%
3 Facade
29%
4 Homecoming
29%
11 Hug
29%
8 Jitters
29%
2 Phoenix
29%
17 Rosetta
29%
14 Rush
29%
1 Savior
29%
10 Skinwalker
29%
6 Transference
29%
13 Vengeance
29%
9 Asylum
27%
13 Crimson
27%
19 Crush
27%
17 Legacy
27%
14 Obsession
27%
17 Onyx
27%
22 Phantom
27%
16 Promise
27%
15 Veritas
27%
22 Vessel
27%
10 Whisper
27%
18 Apocalypse
24%
20 Arctic
24%
19 Blank
24%
22 Covenant
24%
18 Drone
24%
2 Gone
24%
5 Isis
24%
12 Leech
24%
19 Memoria
24%
5 Nocturne
24%
17 Reaper
24%
6 Relic
24%
15 Sacred
24%
10 Shimmer
24%
16 Stray
24%
9 Subterranean
24%
5 Thirst
24%
11 Visage
24%
11 Absolute Justice
22%
21 Accelerate
22%
1 Arrival
22%
10 Bride
22%
5 Committed
22%
11 Delete
22%
3 Duplicity
22%
7 Lineage
22%
7 Magnetic
22%
2 Mortal
22%
20 Noir
22%
12 Pariah
22%
19 Precipice
22%
14 Requiem
22%
9 Rogue
22%
4 Slumber
22%
13 Velocity
22%
14 Zero
22%
20 Ageless
20%
10 Fanatic
20%
21 Forever
20%
15 Freak
20%
6 Harvest
20%
13 Hero
20%
17 Hex
20%
12 Labyrinth
20%
11 Lockdown
20%
16 Lucy
20%
1 Odyssey
20%
13 Power
20%
5 Roulette
20%
10 Scare
20%
8 Shattered
20%
18 Spirit
20%
7 Splinter
20%
8 Static
20%
18 Visitor
20%
7 Wrath
20%
20 Beast
18%
18 Booster
18%
9 Bound
18%
22 Calling
18%
16 Checkmate
18%
17 Combat
18%
9 Dichotic
18%
19 Dominion
18%
3 Extinction
18%
18 Fragile
18%
16 Hypnotic
18%
8 Idol
18%
15 Infamous
18%
1 Lazarus
18%
20 Obscura
18%
21 Oracle
18%
9 Pandora
18%
3 Rabid
18%
7 Rage
18%
8 Solitude
18%
3 Supergirl
18%
20 Talisman
18%
14 Traveler
18%
20 Witness
18%
5 Action
16%
12 Bulletproof
16%
4 Echo
16%
16 Fever
16%
21 Forsaken
16%
12 Hereafter
16%
10 Hydro
16%
11 Icarus
16%
11 Legion
16%
19 Mercy
16%
2 Plastique
16%
5 Reunion
16%
19 Stiletto
16%
14 Tomb
16%
3 Toxic
16%
16 Descent
14%
15 Escape
14%
20 Fade
14%
15 Fortune
14%
9 Gemini
14%
12 Insurgence
14%
7 Jinx
14%
7 Kandor
14%
19 Nemesis
14%
13 Persuasion
14%
15 Resurrection
14%
17 Void
14%
9 Abyss
12%
6 Crossfire
12%
4 Cure
12%
18 Eternal
12%
6 Exposed
12%
3 Hidden
12%
7 Identity
12%
21 Injustice
12%
2 Metallo
12%
9 Patriot
12%
10 Persona
12%
6 Prey
12%
15 Prodigal
12%
18 Progeny
12%
19 Quest
12%
13 Recruit
12%
21 Salvation
12%
11 Siren
12%
17 Sleeper
12%
13 Suspect
12%
11 Unsafe
12%
7 Ambush
10%
13 Beacon
10%
16 Crisis
10%
6 Fallout
10%
12 Fracture
10%
4 Instinct
10%
20 Prophecy
10%
19 Sacrifice
10%
16 Scion
10%
14 Trespass
10%
16 Turbulence
10%
12 Warrior
10%
3 Wither
10%
8 Bloodline
8%
18 Charade
8%
10 Disciple
8%
3 Fierce
8%
20 Hostage
8%
14 Masquerade
8%
2 Shield
8%
12 Collateral
6%
21 Prototype
6%
17 Upgrade
6%
8 Abandoned
4%
14 Conspiracy
4%
No matching quizzes found
Score Distribution
Percent of People with Each Score
Percentile by Number Answered
Your Score History
You have not taken this quiz